000 00278nam a2200109Ia 4500
008 190914s9999||||xx |||||||||||||| ||und||
100 _aVanessa Jackman
245 0 _aCambridge Practice Tests for IELTS 1
260 _aNew Delhi
_bBantam Books
_c2004
300 _a630
942 _cBK
999 _c9099
_d9099